<?xml version="1.0" encoding="UTF-8"?><?xml-stylesheet type="text/xsl" href="static/style.xsl"?><OAI-PMH xmlns="http://www.openarchives.org/OAI/2.0/" xmlns:xsi="http://www.w3.org/2001/XMLSchema-instance" xsi:schemaLocation="http://www.openarchives.org/OAI/2.0/ http://www.openarchives.org/OAI/2.0/OAI-PMH.xsd"><responseDate>2026-06-29T01:44:28Z</responseDate><request verb="GetRecord" identifier="oai:docta.ucm.es:20.500.14352/114093" metadataPrefix="marc">https://docta.ucm.es/rest/oai/request</request><GetRecord><record><header><identifier>oai:docta.ucm.es:20.500.14352/114093</identifier><datestamp>2025-01-14T01:07:04Z</datestamp><setSpec>com_20.500.14352_14</setSpec><setSpec>col_20.500.14352_18</setSpec></header><metadata><record xmlns="http://www.loc.gov/MARC21/slim" xmlns:dcterms="http://purl.org/dc/terms/" xmlns:xsi="http://www.w3.org/2001/XMLSchema-instance" xmlns:doc="http://www.lyncode.com/xoai" xsi:schemaLocation="http://www.loc.gov/MARC21/slim http://www.loc.gov/standards/marcxml/schema/MARC21slim.xsd">
   <leader>00925njm 22002777a 4500</leader>
   <datafield ind2=" " ind1=" " tag="042">
      <subfield code="a">dc</subfield>
   </datafield>
   <datafield ind2=" " ind1=" " tag="720">
      <subfield code="a">Benito Sánchez, Ana Belén</subfield>
      <subfield code="e">author</subfield>
   </datafield>
   <datafield ind2=" " ind1=" " tag="720">
      <subfield code="a">Ruiz Rodríguez, Leticia María</subfield>
      <subfield code="e">author</subfield>
   </datafield>
   <datafield ind2=" " ind1=" " tag="260">
      <subfield code="c">2020</subfield>
   </datafield>
   <datafield ind2=" " ind1=" " tag="520">
      <subfield code="a">La ideología es la herramienta a través de la cual los partidos resumen su  identidad y posicionamiento en cuestiones simbólicas y políticas específicas. Desde que Downs formulara el modelo teórico de voto espacial en los años cincuenta,  sus presupuestos han formado parte de la explicación acerca de cómo se vota en las democracias contemporáneas. Este conjunto de  valores relativos al orden político ha tenido un peso cambiante en la decisión de los votantes y en la representación de intereses en las últimas décadas. A pesar de ser una variable de gran impacto en el funcionamiento de los sistemas de partidos,  ha recibido una atención desigual en el debate académico. Mientras que en Europa la ideología de partidos y electores ha protagonizado un gran número de análisis – liderados por los trabajos seminales de Sartori–, en América Latina ha existido cierto escepticismo sobre su utilidad para comprender la dinámica partidista. Si bien este reparo en torno a la capacidad estructuradora  de la ideología  ha sido parcialmente superado, no son pocos los estudios que defienden la importancia de otras dinámicas –tales como las clientelares y personalistas–  para comprender la política  latinoamericana.  El actual contexto de redefinición y transformación de los sistemas de partidos ha devuelto el interés mediático y científico  hacia la ideología como variable explicativa en ambos lados del hemisferio.</subfield>
   </datafield>
   <datafield ind1="8" ind2=" " tag="024">
      <subfield code="a">978-84-259-1825-4</subfield>
   </datafield>
   <datafield ind1="8" ind2=" " tag="024">
      <subfield code="a">https://hdl.handle.net/20.500.14352/114093</subfield>
   </datafield>
   <datafield ind1="8" ind2=" " tag="024">
      <subfield code="a">https://www.cepc.gob.es/publicaciones/monografias/la-dimension-ideologica-en-la-competicion-partidista-6</subfield>
   </datafield>
   <datafield ind1="8" ind2=" " tag="024">
      <subfield code="a">https://dialnet.unirioja.es/servlet/libro?codigo=846591</subfield>
   </datafield>
   <datafield ind2="0" ind1="0" tag="245">
      <subfield code="a">La dimensión ideológica en la competición partidista</subfield>
   </datafield>
</record></metadata></record></GetRecord></OAI-PMH>